00808 a2200205 4500001000700000020001800007020001600025041000800041082001000049100001800059490002800077520024300105521001100348856002400359040002500383245007300408260005500481300003600536700003000572118283 a9781449494865 q(paperback) aeng a[Fic] aBrady, Dustin aTrapped in a video game aAfter getting sucked in the new game Full Blast with his friend Eric, Jesse starts to see the appeal of being in the game, but pretty soon, a mysterious figure begins following Eric and Jesse, and they discover they cannot leave the game. aYear 4 u00002f/00002f91.jpg aBR-BrIDEAcBR-BrIDEA10aTrapped in a video gamecDustin Brady ; illustrations by Jesse Brady aKansas City, MissouribAndrews McMeel Pub.c[2018] a137 pagesbillustrationse24 cm aBrady, Jesseeillustrator